| 000 | 00506nam a2200157 a 4500 | ||
|---|---|---|---|
| 001 | 000040961 | ||
| 005 | 20201002034517.0 | ||
| 008 | 130912s2005 pr 000 0 spa d | ||
| 020 | _a0865815984 | ||
| 040 |
_aDO-SdBNP _bspa _cBNPHU |
||
| 245 | 0 | 0 |
_aJulia de Burgos : _bObra Poética / _cprólogo Ivette López Jiménez. |
| 260 |
_aSan Juan, Puerto Rico : _bInstituto de Cultura Puertorriqueña, _c2005. |
||
| 300 |
_a264 p. ; _c24 cm. |
||
| 504 | _a263-264 | ||
| 700 | 1 |
_aLópez Jiménez, Ivette, _epról. _98824 |
|
| 999 |
_c40451 _d40451 |
||